Emigrantes indocumentados y deportados residentes en el Estado de México /
Tomando como base información de dos encuestas en El Colegio de la Frontera Norte, en el presente trabajo se describen las características de dos grupos de emigrantes internacionales mexiquenses altamente vulnerables: los indomentados y los devueltos por la patrulla fronteriza estadounidense
Gardado en:
| Autor Principal: | |
|---|---|
| Formato: | Texto |
| Materias: | |
| Etiquetas: |
Engadir etiqueta
Sen Etiquetas, Sexa o primeiro en etiquetar este rexistro!
|
MARC
| LEADER | 00000 a a2200000 04500 | ||
|---|---|---|---|
| 001 | 11744 | ||
| 003 | |||
| 040 | |||
| 100 | |a Anguiano, María Eugenia | ||
| 245 | |a Emigrantes indocumentados y deportados residentes en el Estado de México / |c María Eugenia Anguiano | ||
| 520 | |a Tomando como base información de dos encuestas en El Colegio de la Frontera Norte, en el presente trabajo se describen las características de dos grupos de emigrantes internacionales mexiquenses altamente vulnerables: los indomentados y los devueltos por la patrulla fronteriza estadounidense | ||
| 650 | |a EMIGRANTES | ||
| 650 | |a MIGRACION FRONTERIZA | ||
| 650 | |a MIGRACION LABORAL | ||
| 650 | |a INMIGRACION ILEGAL | ||
| 650 | |a POLITICA MIGRATORIA | ||
| 650 | |a MIGRACION DE RETORNO | ||
| 650 | |a ASPECTOS DEMOGRAFICOS | ||
| 650 | |a EMIGRANTES | ||
| 650 | |a DISTRIBUCION GEOGRAFICA | ||
| 650 | |a DISTRIBUCION POR SEXO Y EDAD | ||
| 650 | |a ASPECTOS DEMOGRAFICOS | ||
| 773 | |g volumen 9, número 36; páginas 133-160 | ||
| 999 | |c 31949 |d 31949 | ||
